| 000 | 00918nam a2200241 a 4500 | ||
|---|---|---|---|
| 001 | 39150 | ||
| 003 | BD-RjUL | ||
| 005 | 20211209052928.0 | ||
| 008 | 160811s bg |||e |||| 000 0 ben d | ||
| 020 | _cTk.25.00 | ||
| 035 | _a(BD-RjUL)39262 | ||
| 040 |
_aBD-RjUL _bben _cBD-RjUL |
||
| 041 | _aben | ||
| 082 |
_223 _aB 891.444 _bHAS 1985 |
||
| 100 |
_aহারুন-উর-রশিদ, মোহাম্মদ _9120797 |
||
| 245 | 1 | 0 |
_aশব্দের শিল্পরূপ ও অন্যান্য প্রবন্ধ _cমোহাম্মদ হারুন-উর-রশিদ |
| 250 | _a১ম সং | ||
| 260 |
_aঢাকা : _bবাংলা একাডেমী, _c১৯৮৫ |
||
| 300 |
_a৬৪ পৃ.: _c২২সেমি. |
||
| 650 |
_aবাংলা সাহিত্য _vপ্রবন্ধ _9120164 |
||
| 650 |
_aBangla Litreratue _vEassy _9120798 |
||
| 942 |
_2ddc _cBK |
||
| 999 |
_c39150 _d39150 |
||